| 000 | 00406nam a22001577a 4500 | ||
|---|---|---|---|
| 020 | _a9788183212212 | ||
| 082 |
_a338.10973 _bRAH/EN |
||
| 100 | _aRahman,H | ||
| 245 | _aentrepreneurship in agriculture: Scopes and opportunities | ||
| 260 |
_aUdaipur _bAgrotech Publishing academy _c2011 |
||
| 300 | _a368p | ||
| 700 | _aMohanty, A.K | ||
| 700 | _aKishore, Kundan | ||
| 700 | _aNgachan,S.V | ||
| 942 | _cBK | ||
| 999 |
_c13780 _d13780 |
||